000 00336nam a2200145Ia 4500
008 191201s2009 xx 000 0 und d
082 _a658.87
_bNAR
100 _aNAIR,Suja
245 0 _aRetail Management
250 _a4th
260 _aN.Delhi
_bHimalaya Publication House
_c2009
300 _a478
650 _aMBA
942 _2ddc
_cBK
999 _c4300
_d4300